[Event "FRA-ch op-B"]
[Site "Agen"]
[Date "2016.??.??"]
[Round "4"]
[White "Gillis, Stephane"]
[Black "Catherineau, Alexandre"]
[Result "1-0"]
[WhiteElo "1934"]
[BlackElo "1887"]
[PlyCount "99"]
[EventDate "2016.08.12"]
[EventType "swiss"]
[EventRounds "9"]
[EventCountry "FRA"]
[SourceTitle "EXT 2017"]
[Source "ChessBase"]
[SourceDate "2016.10.25"]
[SourceVersion "1"]
[SourceVersionDate "2016.10.25"]
[SourceQuality "1"]

1. e4 e6 2. d4 d5 3. Nc3 Nf6 4. Bg5 dxe4 5. Nxe4 Be7 6. Bxf6 Bxf6 7. c3 Nd7 8. Nf3 0-0 9. Qc2 b6 10. Bd3 Bb7 11. 0-0-0 Qe7 12. h4 g6 13. h5 Rfd8 14. hxg6 hxg6 15. Nxf6+ Qxf6 16. Kb1 Kg7 17. Rh3 Rh8 18. Be4 Bxe4 19. Qxe4 Qf5 20. Qxf5 exf5 21. Rxh8 Rxh8 22. Re1 Kf6 23. Kc2 g5 24. Re2 g4 25. Nd2 Rd8 26. a4 Nf8 27. g3 Ne6 28. b4 c5 29. dxc5 bxc5 30. b5 Re8 31. Kd3 Rd8+ 32. Kc4 Ng5 33. a5 Rd6 34. Nb3 Nf3 35. Nxc5 Ne5+ 36. Kb4 Rd1 37. Rb2 Rd6 38. c4 Kg5 39. Rb3 Rd4 40. Rc3 Rd6 41. Rc2 f6 42. Re2 Kg6 43. Na4 Nd3+ 44. Kc3 Ne5 45. b6 Rd3+ 46. Kb4 Nc6+ 47. Kc5 Nxa5 48. bxa7 Rd8 49. Nb6 Nb3+ 50. Kc6 1-0